000 00600cam a2200229 4500
008 090401t1994 xxu||||| |||| 00| 0 eng d
020 _a0291398022
035 _a(Sirsi) u25156
041 _aeng
050 _a694.01
100 _aBull, John W
245 4 _aThe practical design of structural elements in timber.
250 _a2nd ed.
260 _aAldershot
_bGower
_c1994
300 _axxii,174p. : ill. ; 24cm.
350 _a25
650 _aSTRUCTURAL DESIGN
650 _aSTRUCTURAL TIMBER
690 _aBUILT ENVIRONMENT-CONSTRUCTION DESIGN
942 _n0
948 _c04/03/1997
999 _c88689
_d88689